000 00655nam a2200181Ia 4500
008 151018s9999 xx 000 0 und d
082 _bRBASDV36377
_a891.463
100 _aरा म बोरगांवकर
245 _aस्वप्नांचे स्कायलॅब
250 _b1
260 _bमधुश्री प्रकाशन
_c2002
300 _a135
600 _aरा म बोरगांवकर
630 _aस्वप्नांचे स्कायलॅब
700 _aरा म बोरगांवकर
730 _aस्वप्नांचे स्कायलॅब
942 _cBOOK
999 _c1035824
_d1035821